000 00642nam a2200217Ia 4500
999 _c63990
_d63990
003 0100
005 20190218121320.0
008 130303s9999 xx 000 0 und d
040 _cARRUPELIB
050 _aSPC. N5310.G6
100 _aGoodall, Elizabeth ... (et al.)
_944711
245 _aPrehistoric rock art of the federation of Rhodesia and Nyasaland
260 _bNational Publications Trust
_aGlasgow
_c1959
300 _a267p. ;
_c 32cm.
650 _aRock art
_zRhodesia
_944712
650 _aRock art
_zNyasaland
_944713
700 _aSummers, Roger (ed.)
_944714
942 _2lcc
_cSPC